000 00340cam a2200157ua 4500
001 210
008 120704n II |||gr||||Z||||||eng
040 _aMAIN
041 _aEnglish
082 _a331.54 UCH
100 _aUCHROTRA.
245 _aLABOUR PROBLEMS IN INDIA
300 _c20CM.
653 _aLabour Economics of India
942 _cBK
999 _c210
_d210